000 00727nam a2200205Ia 4500
003 OSt
005 20250212100631.0
008 210719s1998 xx 000 0 und d
040 _cAL
041 _aKannada
082 _aK894.9 VENC
100 _aVENKATESHAMURTI (H S)
_d ವೆಂಕಟೇಶಮೂರ್ತಿ (ಎಚ್ ಎಸ್ ).
_9181308
245 _aChinnada gari: Bahumanita prabandhagalu
_bಚಿನ್ನದ ಗರಿ: ಬಹುಮಾನಿತ ಪ್ರಬಂಧಗಳು
260 _aBengaluru
_bKannada Sangha
_c1998
300 _a162
_bPB
650 _aKannada literature
_9181309
650 _aKannada Miscellaneous
_9181310
906 _aBahumanita ; Chinnada ; gari ; prabandhagalu
942 _2ddc
_cBK
999 _c214425
_d214425